000 00411nam a2200181Ia 4500
001 564
005 20260306140527.0
008 260306t2005||||xx |||||||||||||| ||spa||
041 _aESP
082 _a128
_bC32C
100 _aCassirer, Ernst
_eAUT
245 0 _aLas ciencias de la cultura
260 _c2005
300 _a176 páginas :
_c21 cm
650 _aGEN
654 _aCHU
942 _cLIB
_dJUS
_fJUS
_2ddc
_n
999 _c564
_d564